Normal view MARC view

Entry Personal Name

Number of records used in: 1

001 - CONTROL NUMBER

  • control field: 56234

003 - CONTROL NUMBER IDENTIFIER

  • control field: OSt

005 - DATE AND TIME OF LATEST TRANSACTION

  • control field: 20250821145342.0

008 - FIXED-LENGTH DATA ELEMENTS

  • fixed length control field: 250821|| aca||aabn | a|a d

040 ## - CATALOGING SOURCE

  • Original cataloging agency: OSt
  • Transcribing agency: OSt

100 ## - HEADING--PERSONAL NAME

  • Personal name: Entress, Rebecca Dougherty, Ratna B. and Knox,Claire Connolly

670 ## - SOURCE DATA FOUND

  • Source citation: Work cat.: (OSt)531354: Entress, Rebecca Dougherty, Ratna B. and Knox,Claire Connolly , Barriers to evacuating: A study on administrative burdens to special needs shelters

Powered by Koha